Normal view MARC view

Entry Personal Name

Number of records used in: 1

001 - CONTROL NUMBER

  • control field: 12712

003 - CONTROL NUMBER IDENTIFIER

  • control field: OSt

005 - DATE AND TIME OF LATEST TRANSACTION

  • control field: 20220114145136.0

008 - FIXED-LENGTH DATA ELEMENTS

  • fixed length control field: 220114|| aca||aabn | a|a d

040 ## - CATALOGING SOURCE

  • Original cataloging agency: OSt
  • Transcribing agency: OSt

100 ## - HEADING--PERSONAL NAME

  • Personal name: Akhil Mathew, Arunodhay, Jishnu and Vyshag Baburaj

670 ## - SOURCE DATA FOUND

  • Source citation: Work cat.: (OSt): Akhil Mathew, Arunodhay, Jishnu and Vyshag Baburaj, Ananysis of disk breake rotor of a two wheeler

Powered by Koha